Prvé nové kroky Sezóna v Divadle J. Záborského v Prešove

Bibliographic Details
Main Author: Jaborník, Ján, 1942-2010 (Author)
Format: Article
Language:Slovak
Subjects:

MARC

LEADER 00000nab a2200000 a 4500
001 vtls000225495
003 SK-MaSNL
005 20260305021640.0
008 111130c1985 xo 0 slo
015 |a SNBRB19rr/mm-uuuuu 
035 |a CL0235609 
040 |a SNKBUCL  |b slo  |c SNKBUCL  |e AACR2 
041 0 |a slo 
044 |a xo  |c SK 
080 |a 792  |2 1981 
080 |a 792.2  |2 1981 
100 1 |a Jaborník, Ján,  |d 1942-2010  |4 aut  |9 103550 
245 1 0 |a Prvé nové kroky  |b Sezóna v Divadle J. Záborského v Prešove  |c Ján Jaborník 
610 2 7 |a Divadlo Jonáša Záborského  |2 snkbucl  |9 29722 
648 7 |a 1985/1986  |2 snkbucl  |9 929478 
650 0 7 |a divadlá  |2 snkbucl  |9 29113 
650 0 7 |a divadelná dramaturgia  |2 snkbucl  |9 73590 
651 7 |a Prešov (Slovensko)  |2 snkbucl  |9 17347 
655 7 |a články z novín a časopisov  |2 snkbucl  |9 267496 
773 0 |t Nové slovo  |g Roč. 27, č. 39 (1985) 
850 |a Slovenská národná knižnica v Martine  |a MTA001 
852 |a SNK  |b KIS3GCP 
992 |a RBX 
999 |c 3287399  |d 3289329